10 Biggest Countries in Order - Statistics

General Stats
  • This quiz has been taken 43 times
  • The average score is 8 of 10
Answer Stats
Area Country % Correct
17,098,242 Russia
100%
9,984,670 Canada
97%
9,640,821 China
97%
9,526,468 United States
95%
8,514,877 Brazil
92%
7,692,024 Australia
84%
3,287,590 India
78%
2,780,400 Argentina
65%
2,724,900 Kazakhstan
65%
2,381,741 Algeria
54%
No matching quizzes found
Score Distribution
Percent of People with Each Score
Percentile by Number Answered
Your Score History
You have not taken this quiz